| 000 | 00427nam a2200193Ia 4500 | ||
|---|---|---|---|
| 005 | 20250603144648.0 | ||
| 008 | 250603s9999 xx 000 0 und d | ||
| 020 | _a9780702073298 | ||
| 050 | _aRM 301.28 .B76/ | ||
| 100 | _aBrown J. Morris | ||
| 245 | 0 | _aClinical pharmacology | |
| 250 | _a12th ed. | ||
| 260 | _aChina | ||
| 260 | _bElsevier | ||
| 260 | _c2019 | ||
| 300 | _a706 p | ||
| 650 | _aChina | ||
| 942 | _cBK | ||
| 999 |
_c39583 _d39583 |
||